| 000 | 00774nam a2200157 4500 | ||
|---|---|---|---|
| 008 | 0 1978 0aent000 0MEX | ||
| 020 | _as/n | ||
| 082 | _a620.004 4 H843m | ||
| 100 | _aHolman, J. P. | ||
| 245 | _aMétodos Experimentales para Ingenieros / J. P. Holman | ||
| 260 | _aMéxico : McGraw-Hill | ||
| 300 | _a447p. / 23cm. | ||
| 500 | _aIncluye ap‚ndice. | ||
| 650 | _a1. ANÁLISIS DE DATOS EXPERIMENTALES \ 2. MEDICIONES ELÉCTRICAS BÁSICAS Y DISPOSITIVOS SENSORES \ 3. MEDICIONES DE DESPLAZAMIENTO Y ÁREA \ 4. MEDICIÓN DE PRESIÓN, GASTO Y TEMPERATURA \ 5. MEDICIONES DE FUERZA, PAR Y DEFORMACIÓN UNITARIA \ 6. MEDICIONES DE RADIACIÓN TÉRMICA Y NUCLEAR | ||
| 700 | _aI. Vega Jimenez, José de Jesús, Tr. \ II. Duarte Muñoz, Carlos Roberto, Tr. | ||
| 999 |
_c21802 _d21802 |
||